| 000 | 01051nam a22003135a 4500 | ||
|---|---|---|---|
| 001 | ybp9960138 | ||
| 003 | OSt | ||
| 005 | 20150816124329.0 | ||
| 008 | 130114t2013 caua frb 001 0 eng d | ||
| 020 | _a0124159923 (pbk.) | ||
| 020 | _z9780124159921 (pbk.) | ||
| 040 |
_aEG-ScBUE _beng _cEG-ScBUE |
||
| 082 | 0 | 4 |
_a004.35 _bKIR _222 |
| 100 | 1 |
_a Kirk, David, _d1960- _938312 |
|
| 245 | 1 | 0 |
_aProgramming massively parallel processors : _ba hands-on approach / _cDavid B. Kirk and Wen-mei W. Hwu. |
| 250 | _a2nd ed. | ||
| 260 |
_aWaltham : _bMorgan Kaufmann / Elsevier, _cc.2013. |
||
| 300 |
_axx, 496 p. : _bill. ; _c24 cm. |
||
| 500 | _aIndex : p. 487-496. | ||
| 504 | _aIncludes bibliographical references | ||
| 650 | 0 |
_aMultiprocessors. _2BUEsh _937564 |
|
| 650 | 0 |
_aParallel processing (Electronic computers) _2BUEsh |
|
| 650 | 0 |
_aParallel programming (Computer science) _2BUEsh _937076 |
|
| 651 | _2BUEsh | ||
| 653 |
_bCOMSCI _cJune2015 _cAugust2015 |
||
| 655 |
_vreading book _934232 |
||
| 700 | 1 | _aHwu, Wen-mei. | |
| 942 |
_2ddc _k004.35 KIR |
||
| 999 |
_c19772 _d19744 |
||